[Event "Ghent VSF-chB"]
[Site "Ghent"]
[Date "2003.06.01"]
[Round "4"]
[White "Jacques, Robrecht"]
[Black "Van Camp, Albert"]
[Result "1-0"]
[WhiteElo "1931"]
[BlackElo "1618"]
[PlyCount "55"]
[EventDate "2003.05.29"]
[EventType "swiss"]
[EventRounds "7"]
[EventCountry "BEL"]
[SourceTitle "EXT 2005"]
[Source "ChessBase"]
[SourceDate "2004.11.15"]
[SourceVersion "1"]
[SourceVersionDate "2004.11.15"]
[SourceQuality "1"]

1. f4 g6 2. e4 d6 3. d4 e5 4. fxe5 dxe5 5. Nf3 exd4 6. Bc4 Be6 7. Bxe6 fxe6 8. Bg5 Be7 9. Bxe7 Nxe7 10. Qxd4 Qxd4 11. Nxd4 Kd7 12. Nc3 Nec6 13. 0-0-0 Nxd4 14. Rxd4+ Ke7 15. Rhd1 c5 16. R4d2 Rc8 17. e5 a6 18. Ne4 b6 19. Rd6 h6 20. Rxb6 Ra7 21. Rdd6 Nd7 22. Rxe6+ Kd8 23. Rbd6 c4 24. Nf6 Kc7 25. Re7 Rd8 26. Rdxd7+ Rxd7 27. Rxd7+ Kb8 28. Rxa7 1-0

[Event "BEL VSF op-B"]
[Site "Belgium"]
[Date "2001.??.??"]
[Round "?"]
[White "Jacques, Robrecht"]
[Black "Bertrem, Stijn"]
[Result "0-1"]
[WhiteElo "1760"]
[BlackElo "2205"]
[PlyCount "54"]
[EventDate "2001.??.??"]
[EventType "swiss"]
[EventRounds "7"]
[EventCountry "BEL"]
[SourceTitle "EXT 2003"]
[Source "ChessBase"]
[SourceDate "2002.11.25"]
[SourceVersion "1"]
[SourceVersionDate "2002.11.25"]
[SourceQuality "1"]

1. f4 d5 2. Nf3 Nf6 3. e3 Bg4 4. b4 Nbd7 5. Bb2 e6 6. a3 Bd6 7. h3 Bxf3 8. Qxf3 e5 9. Nc3 c6 10. Be2 Qe7 11. 0-0 0-0 12. g4 exf4 13. exf4 Rfe8 14. Rae1 Qf8 15. Bd3 g6 16. Nd1 a6 17. c3 Rxe1 18. Rxe1 Re8 19. Rf1 Ne4 20. Qg2 Qh6 21. Re1 Qxf4 22. Nf2 Ne5 23. Bxe4 dxe4 24. Re2 Nf3+ 25. Kh1 Nh4 26. Rxe4 Rxe4 27. Qxe4 Qh2# 0-1